Food policy for the poor : (Record no. 22163)

000 -LEADER
fixed length control field 00724cam a22002054a 4500
020 ## - INTERNATIONAL STANDARD BOOK NUMBER
ISBN 0896297470 (alk. paper)
040 ## - CATALOGING SOURCE
Transcribing agency DLC
082 00 - DEWEY DECIMAL CLASSIFICATION NUMBER
Classification number 338 JOA 2005 C063 Or.
245 00 - TITLE STATEMENT
Title Food policy for the poor :
Remainder of title expanding the research frontiers : highlights from 30 years of IFPRI research /
260 ## - PUBLICATION, DISTRIBUTION, ETC. (IMPRINT)
Place of publication Washington, DC :
Name of publisher International Food Policy Research Institute,
Year of publication c2005.
300 ## - PHYSICAL DESCRIPTION
Number of Pages xi, 253 p. :
Other physical details ill. ;
Dimensions 23 cm. +
Accompanying material 1 CD-ROM (4 3/4 in.)
650 #0 - SUBJECT ADDED ENTRY--TOPICAL TERM
Topical Term Food supply
650 #0 - SUBJECT ADDED ENTRY--TOPICAL TERM
Topical Term Nutrition policy
650 #0 - SUBJECT ADDED ENTRY--TOPICAL TERM
Topical Term Agriculture and state
650 #0 - SUBJECT ADDED ENTRY--TOPICAL TERM
Topical Term Agriculture
700 1# - ADDED ENTRY--PERSONAL NAME
Personal name Von Braun, Joachim,
700 1# - ADDED ENTRY--PERSONAL NAME
Personal name Pandya-Lorch, Rajul.
856 41 - ELECTRONIC LOCATION AND ACCESS
Uniform Resource Identifier http://www.loc.gov/catdir/toc/ecip061/2005028340.html
942 ## - ADDED ENTRY ELEMENTS (KOHA)
Koha item type ឯកសារស្រាវជ្រាវ
952 ## - LOCATION AND ITEM INFORMATION (KOHA)
Withdrawn status [LOCAL, KOHA] 0
Holdings
Permanent Location Date acquired Koha item type Lost status Shelving location Barcode Current Location Full call number
Library Block C2023-11-10ឯកសារស្រាវជ្រាវ C063a37878Library Block C338 JOA 2005 C063 Or.
មជ្ឈមណ្ឌលឯការនៃសាកលវិទ្យាល័យភូមិន្ទកសិកម្មចំការដូង

Powered by Koha